| 000 | 00582cam a22001814a 4500 | ||
|---|---|---|---|
| 005 | 20250605164345.0 | ||
| 008 | 250528s ||||||||||||||||||||||||d | ||
| 035 | _a23813 | ||
| 040 |
_aGR-AtMCL _bgre _dGR-AtMCL _eAACR2 |
||
| 245 | 1 | _aThe Impact of Music Preference on Adult College Students' Mood | |
| 260 | _c2016 | ||
| 300 | _a36 | ||
| 520 | _aAbstract, Introduction, Method, Results, Discussion, References, Appendices, Personal Development Planning (PDP), Curriculum Vitae (CV). | ||
| 700 | 1 |
_aZeppos Ioannis _99340 |
|
| 942 | _cDS | ||
| 999 |
_c8745 _d8745 |
||